Informe de ley agraria

Uloženo v:
Podrobná bibliografie
Hlavní autor: Jovellanos, Gaspar Melchor de (Autor)
Médium: Kniha
Jazyk:španělština
Vydáno: Burdeos Lawalle 1820
Témata:
Tagy: Přidat tag
Žádné tagy, Buďte první, kdo vytvoří štítek k tomuto záznamu!

MARC

LEADER 00000nam a2200000 a 4500
001 UCR4411
003 CL-VaPUC
008 980307e18200000fr |||||||||||||||||spa|d
082 0 4 |a 343.076  |b JOV  |2 21 
100 |a Jovellanos, Gaspar Melchor de  |e author  |9 321330 
245 1 0 |a Informe de ley agraria 
300 |a 384 p 
942 |c BK 
945 |d 19980307 00:00:00  |a aolguin 
260 |a Burdeos  |b Lawalle  |c 1820 
650 7 |a DERECHO AGRARIO  |2 CL-VaPUC  |9 321361 
650 0 |a Agricultura  |9 255598 
650 0 |a Tierras agrícolas   |9 404463 
650 7 |a EXPLOTACION AGRICOLA  |2 CL-VaPUC  |9 404464 
650 0 |a Problemas políticos  |9 393181 
650 0 |a Problemas sociales  |9 258537 
651 0 |a España  |9 254926 
583 |a last modification  |c 20161026 11:48:51  |k Rodrigo Vera 
999 |c 267354  |d 267352 
952 |0 0  |1 0  |4 0  |6 343_076000000000000_JOV_1820  |7 0  |8 X  |9 299635  |a BIBDER  |b BIBDER  |d 2019-11-20  |i 1953591  |o 343.076 JOV 1820  |p 1953591  |r 2023-01-25  |w 2019-11-20  |y BK_X  |k DER